Vplyv demografických faktorov na ponuku v cestovnom ruchu diplomová práca

Na minha lista:
Detalhes bibliográficos
Autor principal: Šulková, Zuzana
Autor Corporativo: Obchodná fakulta EU. Katedra služieb a cestovného ruchu - zrušené
Outros Autores: Valenteová, Katarína
Formato: Livro
Idioma:eslovaco
Publicado em: Bratislava 2013
Tags: Adicionar Tag
Sem tags, seja o primeiro a adicionar uma tag!

MARC

LEADER 00000nbm a2200000 4500
001 0169584
005 20161109102313.5
041 0 |a slo 
044 |a SK 
245 1 0 |a Vplyv demografických faktorov na ponuku v cestovnom ruchu  |b diplomová práca  |c Zuzana Šulková ; školiteľ: Katarína Valenteová 
264 1 |a Bratislava  |c 2013 
300 |a 81 s. 
100 1 |a Šulková, Zuzana 
700 1 |a Valenteová, Katarína 
710 2 |a Obchodná fakulta EU. Katedra služieb a cestovného ruchu - zrušené